[Event "Tourn. n9427"]
[Site "www.chess-mail.com"]
[Date "2017.07.20"]
[Round "1"]
[White "Goofy"]
[Black "Coolant"]
[WhiteElo "2320"]
[BlackElo "2260"]
[Result "0-1"]
[Round "1"]
1.e4 Nb8c6
2.Ng1f3 e5
3.Bf1c4 Ng8f6
4.d3 Bf8c5
5.c3 a5
6.a4 d6
7.h3 Bc8e6
8.Bc4b5 Be6d7
9.Bc1g5 h6
10.Bg5h4 g5
11.Bh4g3 Qd8e7
12.Nb1d2 O-O-O
13.Bb5xc6 Bd7xc6
14.b4 axb4
15.Qd1b3 bxc3
16.Qb3xc3 h5
17.Nd2b3 Nf6d7
18.Nb3a5 h4
19.Na5xc6 bxc6
20.Bg3h2 f5
21.Nf3d2 Bc5d4
{ resign }
0-1

[Event "Tourn. n9459"]
[Site "www.chess-mail.com"]
[Date "2017.07.20"]
[Round "1"]
[White "Cjood"]
[Black "Ditto"]
[WhiteElo "1940"]
[BlackElo "1850"]
[Result "0-1"]
[Round "1"]
1.e4 e5
2.Ng1f3 Nb8c6
3.Bf1c4 Ng8f6
4.Nf3g5 d5
5.exd5 Nc6d4
6.d6 Qd8xd6
7.Ng5xf7 Qd6c6
8.Nf7xe5 Qc6xg2
9.Rh1f1 Qg2e4
10.Bc4e2 Qe4xe5
11.c3 Nd4f3
{ resign }
0-1

[Event "Tourn. n9443"]
[Site "www.chess-mail.com"]
[Date "2017.07.20"]
[Round "1"]
[White "Cjood"]
[Black "Churrasca"]
[WhiteElo "1980"]
[BlackElo "1940"]
[Result "1-0"]
[Round "1"]
1.c4 e5
2.e3 Ng8f6
3.Nb1c3 Nb8c6
4.d3 d5
5.cxd5 Nf6xd5
6.Nc3xd5 Qd8xd5
7.a3 Bf8e7
8.e4 Qd5a5
9.Bc1d2 Qa5b6
10.Ng1f3 Qb6xb2
11.Bf1e2 O-O
12.O-O Rf8d8
13.Qd1a4 Qb2b6
14.d4 exd4
15.Rf1b1 Qb6a6
16.Be2xa6 Be7c5
17.Ba6xb7 Bc8xb7
18.Rb1xb7 Rd8d6
19.Rb7xc7 { resign }
1-0

[Event "Tourn. n9432"]
[Site "www.chess-mail.com"]
[Date "2017.07.20"]
[Round "1"]
[White "Cjood"]
[Black "Attatroll"]
[WhiteElo "1930"]
[BlackElo "2020"]
[Result "0-1"]
[Round "1"]
1.e4 d6
2.d4 Ng8f6
3.f3 g6
4.Bc1e3 Bf8g7
5.c3 O-O
6.Bf1d3 c6
7.Ng1e2 Nb8d7
8.Nb1d2 e5
9.dxe5 Nd7xe5
10.Nd2b3 Ne5xd3
11.Qd1xd3 Qd8c7
12.O-O-O d5
13.exd5 Nf6xd5
14.Be3g5 Bc8f5
15.Qd3d2 f6
16.Bg5f4 Nd5xf4
17.Ne2xf4 Bg7h6
18.g3 Bh6xf4
19.gxf4 Ra8d8
20.Qd2e3 b6
21.Nb3d4 Rf8e8
22.Qe3d2 c5
23.Nd4b5 Rd8xd2
24.Nb5xc7 Rd2c2
25.Kb1 Re8e2
{ resign }
0-1

[Event "Tourn. n9461"]
[Site "www.chess-mail.com"]
[Date "2017.07.20"]
[Round "1"]
[White "Cjood"]
[Black "Fantomas"]
[WhiteElo "1910"]
[BlackElo "1850"]
[Result "0-1"]
[Round "1"]
1.e4 e5
2.Ng1f3 Nb8c6
3.Bf1c4 h6
4.O-O Bf8c5
5.c3 d6
6.d4 exd4
7.cxd4 Bc5b6
8.Bc1e3 Ng8e7
9.a3 O-O
10.b4 d5
11.exd5 Ne7xd5
12.Be3c1 Bc8e6
13.Bc4b5 Nc6e7
14.Bc1b2 c6
15.Bb5e2 Nd5f4
16.Rf1e1 Nf4xe2
17.Re1xe2 Ne7d5
18.Nb1d2 Nd5f4
19.Re2e4 Nf4g6
20.g3 Be6f5
21.Re4e1 Bf5g4
22.Ra1c1 Qd8d5
23.Kg2 Rf8e8
24.Re1xe8 Ra8xe8
25.a4 Qd5e6
26.a5 Bb6d8
27.Bb2c3 Bd8f6
28.h3 Bg4xh3
29.Kh2 Bh3g4
30.Qd1c2 Qe6d5
31.Qc2d3 Qd5h5
32.Kg2 Bg4f5
33.Qd3c4 Qh5g4
34.Rc1h1 Ng6f4
35.Kf1 Bf5d3
{ resign }
0-1

[Event "Tourn. n9413"]
[Site "www.chess-mail.com"]
[Date "2017.07.20"]
[Round "1"]
[White "Pachi"]
[Black "Julian"]
[WhiteElo "1590"]
[BlackElo "1660"]
[Result "0-1"]
[Round "1"]
1.e4 d6
2.f3 Ng8f6
3.b3 Nb8d7
4.Bf1b5 c6
5.Bb5d3 e5
6.Ng1h3 Bf8e7
7.O-O O-O
8.Bc1b2 b5
9.c4 bxc4
10.bxc4 Rf8e8
11.Qd1a4 Nd7c5
12.Qa4d1 Nc5xd3
13.Bb2c3 Bc8xh3
14.gxh3 Nf6h5
15.Qd1e2 Nh5f4
16.Qe2d1 d5
17.cxd5 Nf4xh3
18.Kh1 Nh3f2
19.Rf1xf2 Nd3xf2
20.Kg2 Nf2xd1
21.Bc3xe5 cxd5
22.exd5 Be7f6
{ resign }
0-1

[Event "Match"]
[Site "www.echecsemail.com"]
[Date "2017.07.20"]
[Round "1"]
[White "Caspito"]
[Black "Ketchuplover"]
[WhiteElo "1940"]
[BlackElo "1790"]
[Result "0-1"]
[Round "1"]
1.e4 c6
2.d4 d5
3.e5 Bc8f5
4.Ng1f3 e6
5.Bf1d3 Bf5g6
6.Bd3xg6 hxg6
7.Bc1f4 Ng8e7
8.Nb1c3 Ne7f5
9.g4 Nf5h4
10.Nf3xh4 Rh8xh4
11.Qd1f3 Bf8e7
12.O-O-O Be7g5
13.Kb1 Nb8d7
14.Qf3g3 Qd8e7
15.h3 Bg5xf4
16.Qg3xf4 g5
17.Qf4e3 O-O-O
18.Nc3a4 b6
19.Rd1d3 Rd8h8
20.Rd3c3 Rh4xg4
21.a3 Rg4e4
22.Qe3d3 Kb7
23.f3 Re4h4
24.Qd3f1 Rh4xd4
25.b4 Nd7xe5
26.Na4b2 Rd4h4
27.Qf1g2 f5
28.Qg2g3 f4
29.Qg3f2 Rh4xh3
30.Rh1xh3 Rh8xh3
31.Qf2e2 b5
32.Nb2d3 Ne5xd3
33.Qe2xd3 g4
34.Qd3e2 Qe7f6
35.Kb2 Rh3xf3
{ resign }
0-1

[Event "Match"]
[Site "www.echecsemail.com"]
[Date "2017.07.20"]
[Round "1"]
[White "Winston"]
[Black "Guidom"]
[WhiteElo "1910"]
[BlackElo "2120"]
[Result "0-1"]
[Round "1"]
1.e4 e5
2.Ng1f3 Nb8c6
3.Bf1b5 a6
4.Bb5xc6 dxc6
5.O-O Bc8g4
6.d3 Ng8f6
7.Bc1g5 Bf8e7
8.Nb1d2 O-O
9.Nd2c4 Be7d6
10.Qd1e2 h6
11.Bg5h4 b5
12.Nc4e3 Bg4h5
13.h3 Rf8e8
14.Bh4xf6 Qd8xf6
15.c3 Ra8d8
16.Ne3g4 Bh5xg4
17.hxg4 Qf6f4
18.Nf3h4 Bd6e7
19.Nh4f5 Be7g5
20.Rf1d1 Bg5e7
21.Nf5xe7 Re8xe7
22.Rd1d2 Rd8d6
23.Ra1d1 Qf4g5
 { time }
0-1

[Event "Match"]
[Site "www.echecsemail.com"]
[Date "2017.07.20"]
[Round "1"]
[White "Murmac"]
[Black "Dussek"]
[WhiteElo "1499"]
[BlackElo "1499"]
[Result "0-1"]
[Round "1"]
1.e4 c5
2.Ng1f3 d6
3.d4 cxd4
4.Nf3xd4 Ng8f6
5.Nb1c3 a6
6.Bf1c4 e6
7.Bc1g5 Bf8e7
8.Qd1f3 Nb8d7
9.O-O-O Nd7c5
10.h3 h6
11.Bg5h4 O-O
12.g4 Nf6h7
13.Rd1g1 Be7xh4
14.Nc3e2 e5
15.Nd4f5 Bh4g5
16.Kb1 Nh7f6
17.Ne2c3 b5
18.Bc4e2 Bc8b7
19.Nc3d5 Nf6xd5
20.exd5 Ra8b8
21.h4 Bg5f4
{ resign }
0-1

[Event "Match"]
[Site "www.echecsemail.com"]
[Date "2017.07.20"]
[Round "1"]
[White "Orae"]
[Black "Caspito"]
[WhiteElo "1720"]
[BlackElo "1920"]
[Result "0-1"]
[Round "1"]
1.e4 e5
2.Ng1f3 Nb8c6
3.Bf1c4 Nc6d4
4.Nf3xd4 exd4
5.Qd1f3 Qd8f6
6.Qf3e2 d6
7.d3 Bc8e6
8.Bc4b5 c6
9.Bb5c4 b5
10.Bc4xe6 Qf6xe6
11.O-O Ng8f6
12.b3 Bf8e7
13.Bc1b2 c5
14.Rf1e1 O-O
15.c3 Qe6e5
16.cxd4 cxd4
17.Nb1d2 d5
18.Nd2f3 Qe5c7
19.e5 Nf6g4
20.Nf3xd4 Ng4h6
21.Nd4xb5 Qc7b6
22.Nb5c3 Qb6b7
23.d4 Ra8e8
24.Qe2h5 Qb7c6
25.Ra1c1 Qc6e6
26.Qh5f3 Be7h4
27.Nc3xd5 Nh6f5
28.Nd5c7 Qe6d7
29.Qf3h3 Re8c8
30.Nc7a6 g6
31.Na6c5 Qd7d5
32.Re1e4 Bh4e7
33.g4 Be7xc5
34.Qh3f3 Nf5xd4
35.Bb2xd4 Bc5xd4
36.Rc1d1 Bd4xf2
37.Kxf2 Rc8c2
38.Kg3 Qd5c5
39.a4 Qc5c6
40.Rd1e1 f5
41.gxf5 Rf8xf5
42.Qf3e3 Rc2c3
43.Qe3xc3 Qc6xc3
44.Re1e3 Qc3d2
45.Re3e2 Qd2d8
46.h4 h6
47.e6 Qd8d6
48.Kg4 h5
49.Kh3 Rf5f3
50.Kg2 Qd6g3
{ resign }
0-1

[Event "Match"]
[Site "www.echecsemail.com"]
[Date "2017.07.20"]
[Round "1"]
[White "Coraza8091"]
[Black "Whitekknight"]
[WhiteElo "1450"]
[BlackElo "2000"]
[Result "0-1"]
[Round "1"]
1.e4 e5
2.Ng1f3 Nb8c6
3.Bf1c4 h6
4.c3 Ng8f6
5.Qd1b3 Qd8e7
6.O-O Nc6a5
7.Qb3a4 Na5xc4
8.Qa4xc4 c6
9.Rf1e1 d6
10.d4 Nf6xe4
11.d5 cxd5
12.Qc4b5 Qe7d7
13.Qb5xd5 Ne4f6
14.Qd5c4 Bf8e7
15.Re1d1 Qd7e6
16.Qc4b5 Nf6d7
17.Nb1d2 O-O
18.Rd1e1 Nd7f6
19.Qb5e2 Rf8d8
20.h3 b6
21.b3 Nf6d5
22.Bc1b2 Be7f6
23.Qe2e4 Bc8b7
24.c4 Nd5b4
25.Qe4b1 Nb4c6
26.Bb2d4 Nc6xd4
27.Nf3xd4 Qe6d7
28.Nd4e2 Qd7c6
29.f3 e4
30.Nd2xe4 Bf6xa1
31.Qb1xa1 Qc6c7
32.Ne2f4 Bb7xe4
33.Nf4h5 Qc7c5
34.Kh1 Qc5xh5
35.Re1xe4 f6
36.Re4g4 Qh5e5
37.Qa1c1 Rd8e8
38.Qc1xh6 Qe5e7
39.Qh6c1 Qe7e1
40.Qc1xe1 Re8xe1
41.Kh2 Re1a1
42.a4 Ra1b1
43.Rg4d4 Ra8d8
44.Rd4d3 Kf7
45.Kg3 Rb1e1
46.Kf2 Re1e7
47.g4 Re7d7
48.h4 d5
49.cxd5 Rd7xd5
50.Rd3c3 Rd8d7
51.Kg3 Rd5d3
52.Rc3xd3 Rd7xd3
53.Kf4 Rd3xb3
54.h5 Rb3b4
55.Kf5 Rb4xa4
56.f4 b5
57.g5 Ra4a1
58.g6 Kg8
59.Kg4 b4
60.Kf5 b3
61.h6 gxh6
62.Kxf6 Ra1a6
63.Kf5 b2
{ resign }
0-1

[Event "Match"]
[Site "www.echecsemail.com"]
[Date "2017.07.20"]
[Round "1"]
[White "Irene"]
[Black "Cjood"]
[WhiteElo "2120"]
[BlackElo "1839"]
[Result "1/2-1/2"]
[Round "1"]
1.d4 e6
2.Ng1f3 c5
3.e3 Ng8f6
4.Nb1c3 cxd4
5.exd4 Nb8c6
6.g3 d6
7.Bf1d3 Qd8b6
8.Bd3b5 Bc8d7
9.Bc1g5 a6
10.Nc3a4 Qb6xb5
11.b3 Nf6e4
12.Bg5e3 Qb5b4
13.Kf1 d5
14.a3 Qb4b5
15.Kg2 Bf8d6
16.Qd1c1 e5
17.dxe5 Nc6xe5
18.Rh1d1 Ne5xf3
19.Kxf3 h5
20.c4 Qb5xb3
21.Rd1xd5 Qb3xa4
22.Kxe4 Bd7c6
23.Kf3 Bc6xd5
24.cxd5 Qa4d7
25.Qc1b2 Qd7f5
26.Ke2 Bd6e5
27.Qb2xb7 Ra8b8
28.Qb7c6 Qf5d7
29.Ra1c1 Qd7xc6
30.Rc1xc6 O-O
31.Rc6xa6 Rf8d8
32.Ra6a5 Rb8b2
33.Kf1 Be5c7
34.Ra5a7 Bc7b6
35.Ra7b7 Rd8d6
36.a4 Rd6xd5
37.Be3xb6 Rd5d1
38.Kg2 Rd1b1
39.a5 Rb2a2
40.Rb7a7 Rb1d1
41.Ra7a8 Kh7
42.a6 Rd1a1
43.a7 Ra2a4
44.Ra8f8 Ra4xa7
45.Bb6xa7 { draw }
1/2-1/2

[Event "Match"]
[Site "www.echecsemail.com"]
[Date "2017.07.20"]
[Round "1"]
[White "Murmac"]
[Black "Bjonil60"]
[WhiteElo "1499"]
[BlackElo "1510"]
[Result "0-1"]
[Round "1"]
1.e4 e5
2.Ng1f3 Nb8c6
3.Bf1c4 d6
4.Nb1c3 Ng8f6
5.O-O Bf8e7
6.d3 O-O
7.Bc1g5 h6
8.Bg5h4 g5
9.Bh4g3 a6
10.d4 exd4
11.Nf3xd4 b5
12.Bc4b3 Nc6xd4
13.Qd1xd4 c5
14.Qd4d2 c4
15.Nc3d5 Rf8e8
16.c3 cxb3
17.axb3 Be7f8
18.Nd5xf6 Kh8
19.Qd2d4 Bf8g7
20.Qd4d5 Ra8b8
21.Nf6xe8 Qd8xe8
22.Bg3xd6 Rb8b6
23.Bd6c5 Rb6e6
{ resign }
0-1

[Event "Match"]
[Site "www.echecsemail.com"]
[Date "2017.07.20"]
[Round "1"]
[White "Passaroa25"]
[Black "Cjood"]
[WhiteElo "1660"]
[BlackElo "1800"]
[Result "1-0"]
[Round "1"]
1.e4 e5
2.f3 Bf8c5
3.Ng1e2 c6
4.Ne2g3 d5
5.d3 dxe4
6.dxe4 Qd8xd1
7.Kxd1 Bc8e6
8.Nb1d2 Bc5f2
9.Nd2b3 Nb8d7
10.Bc1d2 Ng8f6
11.Bf1d3 O-O-O
12.Rh1f1 Bf2b6
13.Ke2 h6
14.Bd2e3 Bb6xe3
15.Kxe3 g6
16.Kf2 g5
17.Ng3f5 Be6xf5
18.exf5 b5
19.Nb3a5 Nf6d5
20.Na5xc6 Rd8e8
21.Nc6xa7 Kb7
22.Na7xb5 Kc6
23.g4 Nd5f4
24.a4 Nd7c5
25.Bd3e4 Kb6
26.b4 Nc5xa4
27.Nb5d6 Na4c3
28.Nd6xe8 Rh8xe8
29.Ra1a3 Nc3xe4
30.fxe4 Re8d8
31.Ke3 Kb5
32.Ra3b3 Kc4
33.Rf1f2 Nf4h3
34.Rf2d2 Rd8a8
35.Rd2d5 f6
36.Rd5c5 { resign }
1-0

[Event "Match"]
[Site "www.echecsemail.com"]
[Date "2017.07.20"]
[Round "1"]
[White "Raulazo"]
[Black "Cjood"]
[WhiteElo "1840"]
[BlackElo "1930"]
[Result "0-1"]
[Round "1"]
1.e4 c5
2.Bf1c4 e6
3.Nb1c3 d6
4.Ng1f3 Bc8d7
5.d3 a6
6.Bc1g5 f6
7.Bg5h4 g5
8.Bh4g3 b5
9.Bc4b3 Qd8a5
10.O-O h5
11.h4 g4
12.Nf3e1 b4
13.Nc3e2 Nb8c6
14.d4 e5
15.Qd1d3 cxd4
16.Bb3d5 Ng8e7
17.Qd3c4 Ra8c8
18.Bd5f7 Kd8
19.b3 Nc6a7
20.Qc4d3 Bf8h6
21.Bf7d5 Ne7xd5
22.f3 Nd5e3
23.Rf1f2 Bd7b5
24.Qd3d2 Ne3xc2
25.Qd2d1 Nc2xa1
26.Qd1xa1 d3
27.Ne1xd3 Bb5xd3
28.f4 Bd3xe2
29.Rf2xe2 Kd7
30.Re2d2 exf4
31.Bg3f2 f3
32.Rd2d1 Na7b5
33.Bf2d4 Nb5xd4
34.Qa1xd4 Qa5c5
{ resign }
0-1

[Event "Match"]
[Site "www.echecsemail.com"]
[Date "2017.07.20"]
[Round "1"]
[White "Cjood"]
[Black "Fangshuo"]
[WhiteElo "1980"]
[BlackElo "2110"]
[Result "1-0"]
[Round "1"]
1.e4 c5
2.f4 e6
3.Ng1f3 d5
4.exd5 exd5
5.c4 d4
6.b4 b6
7.b5 Bc8b7
8.Nf3g5 Ng8f6
9.Qd1e2 Bf8e7
10.Rh1g1 O-O
11.Qe2d3 Be7d6
12.g3 Rf8e8
13.Kd1 h6
14.Ng5h3 Nb8d7
15.Bf1g2 Bb7xg2
16.Rg1xg2 Nf6g4
17.Kc2 Nd7f6
18.Qd3f3 Qd8d7
19.Nh3f2 Ng4xf2
20.Rg2xf2 Qd7f5
21.d3 a5
22.bxa6 Ra8xa6
23.Qf3c6 Qf5d7
24.Qc6xd7 Nf6xd7
25.Nb1d2 Nd7f6
26.h3 Re8a8
27.a3 Nf6h5
28.Nd2f1 g5
29.fxg5 Nh5xg3
30.gxh6 Ng3xf1
31.Rf2xf1 b5
32.cxb5 Ra6b6
33.a4 Ra8e8
34.Kb3 Bd6c7
35.Kc4 Bc7d6
36.Rf1f6 Re8e6
37.Rf6xe6 fxe6
38.a5 Rb6b8
39.b6 Rb8f8
40.a6 Rf8b8
41.b7 { resign }
1-0

[Event "Match"]
[Site "www.echecsemail.com"]
[Date "2017.07.20"]
[Round "1"]
[White "Azocarwagner"]
[Black "Cjood"]
[WhiteElo "1900"]
[BlackElo "1940"]
[Result "0-1"]
[Round "1"]
1.Ng1f3 d5
2.d4 Nb8c6
3.Nb1c3 Bc8f5
4.a3 e6
5.Bc1f4 Ng8f6
6.Nc3b5 Ra8c8
7.Bf4g5 a6
8.Bg5xf6 Qd8xf6
9.Nb5c3 Rc8d8
10.g3 b5
11.Bf1g2 Nc6a5
12.O-O Na5c4
13.Ra1b1 c6
14.Rf1e1 Bf8xa3
15.b4 Qf6e7
16.Nc3a2 a5
17.Nf3e5 Nc4xe5
18.dxe5 Ba3xb4
19.Re1f1 Bb4c5
20.e3 O-O
21.Na2c3 Qe7g5
22.Qd1e1 Bf5xc2
23.h4 Qg5xe5
24.Rb1c1 Bc2d3
25.f4 Bc5xe3
26.Kh1 Qe5d4
27.Rc1d1 b4
28.Nc3e2 Qd4c4
29.Rf1f3 Bd3xe2
30.Bg2f1 Be2xf3
31.Kh2 Qc4c2
32.Kh3 Qc2xd1
{ resign }
0-1

[Event "Match"]
[Site "www.echecsemail.com"]
[Date "2017.07.20"]
[Round "1"]
[White "Caspito"]
[Black "Cjood"]
[WhiteElo "1960"]
[BlackElo "1980"]
[Result "0-1"]
[Round "1"]
1.e4 e5
2.Ng1f3 Ng8f6
3.Bf1c4 Nf6xe4
4.Bc4xf7 Kxf7
5.Nf3xe5 Kg8
6.O-O d5
7.d4 Bf8d6
8.Qd1h5 Bd6xe5
9.dxe5 Nb8c6
10.Nb1c3 Ne4xc3
11.bxc3 h6
12.Bc1b2 Qd8e7
13.Rf1e1 Kh7
14.Ra1d1 g6
15.Qh5f3 Rh8f8
16.Qf3xd5 Rf8d8
17.Qd5f3 Rd8xd1
18.Qf3xd1 Qe7g5
19.c4 Bc8h3
20.g3 Ra8e8
21.f4 Qg5f5
22.Qd1d5 Re8d8
23.Qd5b5 Qf5xc2
24.Qb5xb7 Qc2g2

0-1

[Event "Match"]
[Site "www.echecsemail.com"]
[Date "2017.07.20"]
[Round "1"]
[White "Llord"]
[Black "Sonny1000"]
[WhiteElo "1920"]
[BlackElo "1450"]
[Result "1-0"]
[Round "1"]
1.e4 Ng8f6
2.Nb1c3 e5
3.Bf1c4 d6
4.Ng1f3 h6
5.O-O Nf6g4
6.h3 Ng4f6
7.d3 g5
8.d4 Nb8c6
9.d5 Nc6b4
10.a3 b5
11.Bc4xb5 Ke7
12.axb4 a6
13.Bb5c6 Ra8a7
14.Nc3b5 Bc8b7
15.Nb5xa7 Bb7a8
16.Bc6xa8 Qd8xa8
17.Ra1xa6 Kd7
18.c3 Qa8b7
19.Qd1a4 Kd8
20.Na7c6 Kc8
21.Ra6a8 Kd7
22.Nc6a5 c6
23.Na5xb7 Ke7
24.dxc6 Bf8g7
25.Ra8xh8 Bg7xh8
26.c7 Kf8
27.c8Q Kg7
28.Nb7xd6 Kh7
29.Nd6xf7 Bh8g7
30.Nf3xg5 Kg6
31.Qc8f5 Kh5
32.Ng5f3 
1-0

[Event "Match"]
[Site "www.echecsemail.com"]
[Date "2017.07.20"]
[Round "1"]
[White "Fangshuo"]
[Black "Cjood"]
[WhiteElo "2110"]
[BlackElo "1980"]
[Result "0-1"]
[Round "1"]
1.e4 e5
2.Ng1f3 d5
3.exd5 Qd8xd5
4.Nb1c3 Qd5d6
5.Nc3e4 Qd6e6
6.b3 Bf8d6
7.Bf1c4 Qe6g4
8.Bc4xf7 Kf8
9.O-O Qg4xe4
10.Bc1b2 h6
11.Bf7c4 Bc8f5
12.d3 Qe4f4
13.g3 Qf4g4
14.Rf1e1 Nb8d7
15.Bc4d5 c6
16.Bd5e4 Ra8e8
17.Be4xf5 Qg4xf5
18.Nf3h4 Qf5f6
19.Qd1g4 g5
20.Nh4f5 h5
21.Qg4f3 Ng8h6
22.Re1e4 Qf6xf5
23.Qf3xh5 Nd7f6
24.Bb2xe5 Nf6xh5
25.Be5xd6 Kf7
26.Re4xe8 Rh8xe8
27.Bd6c5 Qf5xc5
{ resign }
0-1

[Event "Match"]
[Site "www.echecsemail.com"]
[Date "2017.07.20"]
[Round "1"]
[White "Chapi"]
[Black "Cjood"]
[WhiteElo "2160"]
[BlackElo "1880"]
[Result "1-0"]
[Round "1"]
1.d4 c5
2.Ng1f3 cxd4
3.Nf3xd4 e5
4.Nd4b5 d5
5.Nb5c3 d4
6.Nc3e4 f5
7.Ne4d2 e4
8.Nd2b3 Nb8c6
9.e3 Bf8b4
10.Bc1d2 Qd8b6
11.exd4 Nc6xd4
12.Nb3xd4 Qb6xd4
13.c3 Bb4xc3
14.Nb1xc3 h6
15.Bf1b5 Bc8d7
16.O-O Ng8f6
17.Bd2e3 Qd4e5
18.Be3d4 Qe5d6
19.Bd4xf6 Qd6xd1
20.Ra1xd1 Bd7xb5
21.Nc3xb5 { resign }
1-0

[Event "Fast Game"]
[Site "www.echecsemail.com"]
[Date "2017.07.20"]
[Round "1"]
[White "Pellix84"]
[Black "Hennie4820"]
[WhiteElo "1660"]
[BlackElo "1650"]
[Result "0-1"]
[Round "1"]
1.d4 Ng8f6
2.c4 g6
3.Nb1c3 Bf8g7
4.e4 d6
5.f4 O-O
6.Ng1f3 Nb8d7
7.Bf1e2 c6
8.O-O Qd8c7
9.Bc1e3 Rf8e8
10.Be3f2 e5
11.fxe5 dxe5
12.d5 cxd5
13.cxd5 Nd7c5
14.Nf3d2 a6
15.Bf2h4 Qc7b6
16.Qd1c2 Nc5xe4
17.Kh1 Ne4xc3
18.bxc3 Nf6xd5
19.Ra1b1 Qb6c5
20.Be2c4 Nd5e3
21.Qc2a4 Bc8f5
22.Rb1xb7 Ne3xf1
23.Bc4xf7 Kh8
24.Nd2xf1 Re8c8
25.c4 Qc5d4
26.Bh4g3 Rc8d8
27.Qa4b3 Bf5e4
28.Nf1e3 Qd4a1
{ resign }
0-1

[Event "Tourn. n9428"]
[Site "www.chess-mail.com"]
[Date "2017.07.21"]
[Round "1"]
[White "Claymil"]
[Black "Gvladutz"]
[WhiteElo "2040"]
[BlackElo "2079"]
[Result "0-1"]
[Round "1"]
1.c4 e6
2.Nb1c3 Bf8b4
3.g3 d5
4.cxd5 exd5
5.d4 Ng8f6
6.Bc1d2 c5
7.a3 Bb4xc3
8.bxc3 Nb8c6
9.Bf1g2 cxd4
10.cxd4 Nc6xd4
11.Ng1f3 Nd4xf3
12.exf3 O-O
13.O-O Rf8e8
14.Bd2c3 Bc8f5
15.Bc3xf6 Qd8xf6
16.Qd1xd5 b6
17.f4 Ra8d8
18.Qd5b5 Bf5d3
19.Qb5a4 Bd3xf1
20.Ra1xf1 Qf6e7
21.Bg2c6 Re8f8
22.h4 Rd8d2
23.Bc6f3 Rd2d3
24.Rf1a1 Rd3xf3
{ resign }
0-1

[Event "Tourn. n9345"]
[Site "www.chess-mail.com"]
[Date "2017.07.21"]
[Round "1"]
[White "Falcoale"]
[Black "Bojan"]
[WhiteElo "1920"]
[BlackElo "1970"]
[Result "0-1"]
[Round "1"]
1.e4 e5
2.Ng1f3 d6
3.Bf1c4 h6
4.Nb1c3 c6
5.O-O Ng8f6
6.d4 exd4
7.Nf3xd4 Nb8d7
8.f4 Nd7b6
9.Bc4b3 Bf8e7
10.e5 Bc8g4
11.Qd1e1 Nf6d5
12.h3 Bg4h5
13.Nd4f5 O-O
14.Nf5xe7 Qd8xe7
15.Nc3xd5 Nb6xd5
16.Bc1d2 dxe5
17.Qe1xe5 Qe7xe5
18.fxe5 Ra8e8
19.Ra1e1 b6
20.a3 Nd5c7
21.Bd2c3 Re8e7
22.a4 Rf8e8
23.Bb3a2 Nc7d5
24.Ba2xd5 cxd5
25.Bc3d4 Bh5g6
26.c3 Bg6d3
27.Rf1f4 Bd3c2
28.Re1a1 Bc2d3
29.Rf4f3 Bd3e4
30.Rf3g3 Re7e6
31.b4 Re8c8
32.a5 bxa5
33.Ra1xa5 a6
34.Ra5a1 Rc8c6
35.Rg3e3 Re6g6
36.Ra1a2 Rg6g5
37.g4 h5
38.Re3g3 Rg5g6
39.Kf2 hxg4
40.Ke3 gxh3
41.Rg3xh3 Rg6h6
42.Ra2h2 Rh6xh3
43.Rh2xh3 g6
44.Kf2 g5
45.Rh3g3 Rc6g6
46.Ke3 g4
47.c4 Be4f3
48.c5 Kh7
49.Rg3g1 Kh6
50.Kf4 Rg6g5
51.c6 Rg5g8
52.c7 Kh5
53.Rg1c1 Rg8c8
54.Bd4b6 Bf3e4
55.Rc1c6 g3
56.Kxg3 Be4f5
57.Rc6d6 Bf5e6
58.Rd6d8 Kg5
59.Bb6c5 Rc8xc7
60.Kf2 Kf4
61.Ke2 Ke4
62.Bc5d6 Rc7c6
63.Kd2 Rc6c4
64.Rd8a8 d4
65.Ra8xa6 d3
66.b5 Rc4c2
67.Ke1 Be6g4
68.Ra6a3 d2
69.Kf2 d1Q
{ resign }
0-1

[Event "Tourn. n9413"]
[Site "www.chess-mail.com"]
[Date "2017.07.21"]
[Round "1"]
[White "Llcervello"]
[Black "Azulmarino"]
[WhiteElo "1590"]
[BlackElo "1510"]
[Result "1-0"]
[Round "1"]
1.e4 d5
2.d3 e6
3.f4 f5
4.Nb1d2 Bf8b4
5.c3 Bb4c5
6.d4 Bc5b6
7.e5 g6
8.Ng1f3 Nb8c6
9.b4 Ng8h6
10.Bf1b5 Bc8d7
11.a4 Nh6g4
12.Qd1e2 h6
13.Bb5xc6 Bd7xc6
14.a5 Bb6xd4
15.Nf3xd4 Qd8e7
16.Bc1a3 Qe7d7
17.O-O a6
18.Nd2b3 Bc6b5
19.Nd4xb5 axb5
20.Nb3c5 Qd7c8
21.Qe2xb5 c6
22.Qb5b6 Ng4e3
23.Nc5xb7 O-O
24.Rf1f3 Ne3c4
25.Nb7d6 Qc8d7
26.Nd6xc4 Rf8b8
27.Qb6d4 Qd7e7
28.b5 Qe7e8
29.b6 Ra8a6
30.Ba3d6 Rb8b7
31.Bd6c7 dxc4
32.Qd4xc4 Qe8a8
33.Qc4xe6 Kf8
34.Qe6f6 Ke8
35.Qf6xg6 Ke7
36.Rf3d3 Qa8e8
37.Qg6f6 { resign }
1-0

[Event "Tourn. n9342"]
[Site "www.chess-mail.com"]
[Date "2017.07.21"]
[Round "1"]
[White "Numanoid"]
[Black "Ssharp"]
[WhiteElo "2520"]
[BlackElo "2310"]
[Result "1-0"]
[Round "1"]
1.e4 e6
2.d4 d5
3.e5 c5
4.c3 Nb8c6
5.Ng1f3 Qd8b6
6.Bf1e2 Bc8d7
7.O-O cxd4
8.cxd4 Ng8e7
9.Nb1c3 Ne7f5
10.Nc3a4 Qb6c7
11.Bc1f4 Qc7a5
12.Bf4d2 Qa5d8
13.Bd2f4 Qd8a5
14.Bf4d2 Qa5d8
15.Bd2g5 Bf8e7
16.Bg5xe7 Nf5xe7
17.Ra1c1 O-O
18.Na4c5 b6
19.Nc5xd7  { time }
1-0

[Event "Tourn. n9392"]
[Site "www.chess-mail.com"]
[Date "2017.07.21"]
[Round "1"]
[White "Falcoale"]
[Black "Xkafi"]
[WhiteElo "2050"]
[BlackElo "2020"]
[Result "0-1"]
[Round "1"]
1.e4 e5
2.Ng1f3 Qd8f6
3.Bf1c4 Bf8c5
4.c3 Nb8c6
5.d3 h6
6.O-O d6
7.h3 Qf6g6
8.Bc1e3 Bc5b6
9.Kh1 Ng8e7
10.Nb1d2 Nc6a5
11.d4 Na5xc4
12.Nd2xc4 Qg6h5
13.dxe5 dxe5
14.Nc4xe5 O-O
15.Ne5g4 Bc8xg4
16.Be3xb6 axb6
17.Qd1d3 Ne7g6
18.Nf3h2 Bg4e6
19.Qd3g3 Rf8d8
20.f4 Be6c4
21.Rf1e1 Rd8d3
22.Qg3f2 Ra8d8
23.b3 Bc4b5
24.c4 Bb5c6
25.Nh2g4 Rd3d2
26.Re1e2 Rd2xe2
27.Qf2xe2 Ng6xf4
28.Qe2e3 Qh5g5
29.Ra1f1 Nf4e6
30.Qe3f3 f6
31.Ng4e3 Rd8d3
32.Rf1e1 Ne6d4
33.Qf3g4 Rd3xe3
34.Re1xe3 Qg5xe3
{ resign }
0-1

[Event "Tourn. n9419"]
[Site "www.chess-mail.com"]
[Date "2017.07.21"]
[Round "1"]
[White "Scasan55"]
[Black "Cjood"]
[WhiteElo "1980"]
[BlackElo "1920"]
[Result "1/2-1/2"]
[Round "1"]
1.e4 e6
2.d4 d5
3.e5 Ng8e7
4.Ng1f3 b6
5.c3 Nb8c6
6.Bc1g5 h6
7.Bg5xe7 Bf8xe7
8.Bf1b5 Bc8d7
9.O-O O-O
10.Nb1d2 a6
11.Bb5xc6 Bd7xc6
12.b4 b5
13.Qd1c2 a5
14.bxa5 Ra8xa5
15.Nd2b3 Ra5a8
16.Nf3e1 b4
17.cxb4 Bc6b5
18.Ne1d3 Bb5xd3
19.Qc2xd3 Be7xb4
20.Rf1c1 Ra8a3
21.Qd3b5 Bb4e7
22.Nb3c5 Be7g5
23.Rc1c2 Qd8c8
24.Qb5b4 Ra3a7
25.a4 Qc8b8
26.Qb4c3 Rf8d8
27.g3 Bg5e7
{ draw }
1/2-1/2

[Event "Tourn. n9352"]
[Site "www.chess-mail.com"]
[Date "2017.07.21"]
[Round "1"]
[White "Ssharp"]
[Black "Faerieking"]
[WhiteElo "2310"]
[BlackElo "2260"]
[Result "0-1"]
[Round "1"]
1.e4 e5
2.Ng1f3 Nb8c6
3.Bf1c4 Ng8f6
4.Nf3g5 Bf8c5
5.Bc4xf7 Ke7
6.Bf7d5 Rh8f8
7.O-O d6
8.c3 h6
9.Ng5f3 Bc8g4
10.Bd5xc6 bxc6
11.d3 Qd8e8
12.Bc1e3 Bc5b6
13.Be3xb6 axb6
14.h3 Bg4h5
15.Nb1d2 Qe8g6
16.Qd1e1 Bh5xf3
17.Nd2xf3 Nf6h7
18.Kh2 Qg6f6
19.a3 g5
20.Nf3g1 h5
21.f3 Rf8f7
22.Qe1e2 h4
23.Ra1d1 Ra8f8
 { time }
0-1

[Event "Tourn. n9417"]
[Site "www.chess-mail.com"]
[Date "2017.07.21"]
[Round "1"]
[White "Winston"]
[Black "Fabos12"]
[WhiteElo "1920"]
[BlackElo "1920"]
[Result "0-1"]
[Round "1"]
1.e4 e5
2.Ng1f3 Nb8c6
3.Bf1b5 Bf8c5
4.c3 a6
5.Bb5a4 b5
6.Ba4c2 d6
7.d4 exd4
8.cxd4 Bc5b4
9.Bc1d2 d5
10.Nb1c3 Bb4xc3
11.Bd2xc3 b4
12.Bc3d2 Bc8g4
13.Bc2a4 Ng8e7
14.Ba4xc6 Ne7xc6
15.Qd1a4 Qd8d7
16.Bd2xb4 dxe4
 { time }
0-1

[Event "Tourn. n9308"]
[Site "www.chess-mail.com"]
[Date "2017.07.21"]
[Round "1"]
[White "Abuelo"]
[Black "Falcoale"]
[WhiteElo "2150"]
[BlackElo "2000"]
[Result "1-0"]
[Round "1"]
1.e4 c5
2.Bf1c4 e6
3.Nb1c3 Nb8c6
4.d3 a6
5.a4 Nc6e5
6.Bc4b3 Ng8f6
7.Bc1f4 Ne5c6
8.Ng1f3 d6
9.e5 dxe5
10.Bf4xe5 Nc6xe5
11.Nf3xe5 Bf8d6
12.Qd1e2 O-O
13.O-O Nf6d7
14.Ne5c4 Bd6c7
15.Nc3e4 b6
16.h3 Nd7f6
17.Qe2f3 Nf6xe4
18.Qf3xe4 Ra8b8
19.Rf1e1 Qd8g5
20.Qe4e3 Bc7f4
21.Qe3e2 Bc8b7
22.f3 b5
23.Nc4a5 Qg5g3
24.Kf1 Qg3h2
25.g4 Qh2xh3
26.Qe2g2 Qh3xf3
27.Qg2xf3 Bb7xf3
28.Kf2 Bf3xg4
29.Re1e4 e5
30.Na5c6 Rb8a8
31.Bb3d5 Ra8e8
32.axb5 axb5
33.Ra1a7 Bg4e6
34.Bd5xe6 Re8xe6
35.Nc6e7 Kh8
36.Ne7d5 h5
37.Nd5xf4 exf4
38.Re4xf4 Kg8
39.Rf4f5 g6
40.Rf5xc5 Rf8e8
41.Ra7c7 h4
42.Rc5xb5 Re6f6
43.Kg2 Re8e2
44.Kh3 Rf6f1
45.Rb5g5 Rf1f2
46.Rc7c5 Rf2h2
47.Kg4 Re2g2
48.Kf4 h3
49.Rg5g3 Rg2f2
50.Kg4 f5
51.Kh4 Rf2f4
52.Kg5 Rf4d4
53.Kxg6 Rh2g2
54.Rc5c8 { resign }
1-0

[Event "Tourn. n9401"]
[Site "www.chess-mail.com"]
[Date "2017.07.21"]
[Round "1"]
[White "Ssharp"]
[Black "Seger"]
[WhiteElo "2330"]
[BlackElo "2680"]
[Result "0-1"]
[Round "1"]
1.e4 c5
2.Ng1f3 d6
3.d4 cxd4
4.Nf3xd4 Ng8f6
5.Nb1c3 e5
6.Nd4b3 Bf8e7
7.Bf1e2 O-O
8.O-O Bc8e6
 { time }
0-1